<?xml version="1.0" encoding="UTF-8"?>
<record
    xmlns:xsi="http://www.w3.org/2001/XMLSchema-instance"
    xsi:schemaLocation="http://www.loc.gov/MARC21/slim http://www.loc.gov/standards/marcxml/schema/MARC21slim.xsd"
    xmlns="http://www.loc.gov/MARC21/slim">

  <leader>02221nam a22002894aa4500</leader>
  <controlfield tag="003">BOFEUTO</controlfield>
  <controlfield tag="005">20260519155935.0</controlfield>
  <controlfield tag="008">260403t2026    bo     gr     000 f spa d</controlfield>
  <datafield tag="017" ind1=" " ind2=" ">
    <subfield code="a">5-1-1765-2026</subfield>
  </datafield>
  <datafield tag="020" ind1=" " ind2=" ">
    <subfield code="a">978-9917-6639-05-8</subfield>
  </datafield>
  <datafield tag="040" ind1=" " ind2=" ">
    <subfield code="6">BOFEUTO</subfield>
    <subfield code="a">BOFEUTO</subfield>
    <subfield code="c">BOFEUTO</subfield>
  </datafield>
  <datafield tag="082" ind1=" " ind2=" ">
    <subfield code="a">330</subfield>
    <subfield code="b">F628e</subfield>
  </datafield>
  <datafield tag="100" ind1=" " ind2=" ">
    <subfield code="a">Flores Flores, Wilson Galo</subfield>
    <subfield code="e">autor</subfield>
  </datafield>
  <datafield tag="245" ind1=" " ind2=" ">
    <subfield code="a">Econom&#xED;a Aplicada Salud, Educaci&#xF3;n y Medio Ambiente /</subfield>
    <subfield code="c">Wilson Galo Flores Flores</subfield>
  </datafield>
  <datafield tag="250" ind1=" " ind2=" ">
    <subfield code="a">4ta. Ed.</subfield>
  </datafield>
  <datafield tag="260" ind1=" " ind2=" ">
    <subfield code="a">Oruro :</subfield>
    <subfield code="b">Latinas Edictores,</subfield>
    <subfield code="c">2026.</subfield>
  </datafield>
  <datafield tag="300" ind1=" " ind2=" ">
    <subfield code="a">336p. ;</subfield>
    <subfield code="b">ilus. ;</subfield>
    <subfield code="c">25.5 cm.</subfield>
  </datafield>
  <datafield tag="500" ind1=" " ind2=" ">
    <subfield code="a">Incluye bibliograf&#xED;a, siglas m&#xE1;s utilizadas a nivel internacional.</subfield>
  </datafield>
  <datafield tag="505" ind1=" " ind2=" ">
    <subfield code="a">T&#xE9;cnicas y h&#xE1;bitos de estudio en la Universidad - &#xBF;Qu&#xE9; es la econom&#xED;a? - El problemas econ&#xF3;mico: la escasez - Las necesidades humanas - Los bienes y servicios econ&#xF3;micos - La econom&#xED;a como ciencia - Los recursos o factores productivos - Los ingresos de los factores de producci&#xF3;n - Los agentes econ&#xF3;micos - El concepto de sistema econ&#xF3;mico - Oferta, demanda y equilibrio de mercado - El sistema de econom&#xED;a de mercado - Sistema de econom&#xED;a planificada (Sistema de econom&#xED;a centralizada) - Las transacciones econ&#xF3;micas y el sistema de econom&#xED;a mixta - La empresa y la producci&#xF3;n (Producci&#xF3;n con un insumo variable) - Elasticidades de la demanda - Macroeconom&#xED;a, salud y educaci&#xF3;n - El dinero y sus funciones - Teor&#xED;as sobre el capital humano - Productividad - Educaci&#xF3;n formal y no formal - Costos y beneficios de la educaci&#xF3;n - Oferta y demanda de educaci&#xF3;n - Salud y nutrici&#xF3;n - Subsidios a la demanda - Macroeconom&#xED;a y educaci&#xF3;n - Econom&#xED;a de la prevenci&#xF3;n - Pol&#xED;ticas de salud y gesti&#xF3;n sanitaria - Introducci&#xF3;n al medio ambiente - Econom&#xED;a, desarrollo y medio ambiente - Externalidades - Pol&#xED;tica ambiental - La competitividad y el desarrollo sostenible - Costo - beneficio: beneficio - Poblaci&#xF3;n y recursos naturales - Bienes p&#xFA;blicos - Costos - beneficios: costos - los impuestos - El sector industrial en Bolivia y el impacto ambiental</subfield>
  </datafield>
  <datafield tag="650" ind1=" " ind2=" ">
    <subfield code="a">Econom&#xED;a</subfield>
  </datafield>
  <datafield tag="653" ind1=" " ind2=" ">
    <subfield code="a">T&#xE9;cnicas</subfield>
  </datafield>
  <datafield tag="653" ind1=" " ind2=" ">
    <subfield code="a">Problemas</subfield>
  </datafield>
  <datafield tag="653" ind1=" " ind2=" ">
    <subfield code="a">Necesidades</subfield>
  </datafield>
  <datafield tag="653" ind1=" " ind2=" ">
    <subfield code="a">Bienes</subfield>
  </datafield>
  <datafield tag="653" ind1=" " ind2=" ">
    <subfield code="a">Servicios</subfield>
  </datafield>
  <datafield tag="942" ind1=" " ind2=" ">
    <subfield code="2">ddc</subfield>
    <subfield code="c">LI</subfield>
    <subfield code="n">0</subfield>
  </datafield>
  <datafield tag="999" ind1=" " ind2=" ">
    <subfield code="c">16179</subfield>
    <subfield code="d">16179</subfield>
  </datafield>
  <datafield tag="952" ind1=" " ind2=" ">
    <subfield code="0">0</subfield>
    <subfield code="1">0</subfield>
    <subfield code="2">ddc</subfield>
    <subfield code="4">0</subfield>
    <subfield code="7">0</subfield>
    <subfield code="a">UTO</subfield>
    <subfield code="b">UTO</subfield>
    <subfield code="d">2026-03-04</subfield>
    <subfield code="e">Donaci&#xF3;n</subfield>
    <subfield code="i">15483</subfield>
    <subfield code="l">1</subfield>
    <subfield code="o">330/F628e/2026</subfield>
    <subfield code="p">15483</subfield>
    <subfield code="r">2026-05-20 09:22:53</subfield>
    <subfield code="s">2026-05-20</subfield>
    <subfield code="t">Ej.1</subfield>
    <subfield code="w">2026-05-19</subfield>
    <subfield code="y">LI</subfield>
  </datafield>
</record>
